000 01069nam0a22002771 4500
001 rc\3730297
005 20250610104834.0
021 _aRU
_b[69-18426]
035 _a(NLR Aleph) 007865551
090 _a7824191
_c7824191
100 _a20130115d1969 |||y0rusy50 ca
101 0 _arus
102 _aRU
105 _aa z |||||
200 1 _aПрименение атомной энергии в медицине
_fО-во "Знание" РСФСР. Ленингр. организация
210 _aЛенинград
_cБ. и.
_d1969
215 _a40 с.
_cил.
_d20
300 _aПеред загл. авт.: канд. мед. наук Р.В. Смирнов
606 _aИонизирующие излучения
_xПрименение в медицине
_2psbo
606 _aРадиоактивные изотопы
_xПрименение в медицине
_2psbo
700 1 _aСмирнов
_bР.В.
_gРоберт Васильевич
801 0 _aRU
_bNLR
_gpsbo
801 1 _aRU
_bELAR
_2rusmarc
852 _aNLR
_j69-4/7540
942 _cBOOK
980 _aNB